000 00465nam a2200169 4500
001 112952
003 ES-MaACL
005 20230929062532.0
007 t|
008 061121s1952 sp r ||||1| spa d
110 2 _aReal Academia Española
_96336
245 1 0 _aNuevas normas de prosodia y ortografía.
260 _aMadrid :
_bReal Academia Española,
_c1952.
300 _a134 p. ;
_c24 cm.
852 _aES-MaACL
_jD-8728
_bR.34190
999 _c112952
_d112952